Станет ли XXI век веком Китая? (Запись № 4680323)

Подробности
000 -МАРКЕР
контрольное поле 01818nam0a2200385 4500
001 - ИДЕНТИФИКАТОР ЗАПИСИ
контрольное поле RU\NLR\bibl\2073560
005 - ИДЕНТИФИКАТОР ВЕРСИИ
контрольное поле 20260209183208.0
010 ## - МЕЖДУНАРОДНЫЙ СТАНДАРТНЫЙ НОМЕР КНИГИ (ISBN)
Номер (ISBN) 978-5-17-078224-6
Тираж 2500
021 ## - НОМЕР ГОСУДАРСТВЕННОЙ РЕГИСТРАЦИИ
Код страны Российская Федерация
Номер 2013-54294
Номер Листа государственной регистраци 479д/13
035 ## - ДРУГИЕ СИСТЕМНЫЕ НОМЕРА
Идентификатор записи (NLR Aleph) 002059638
035 ## - ДРУГИЕ СИСТЕМНЫЕ НОМЕРА
Идентификатор записи (nilc)RuMoRGB-006634592
100 ## - ДАННЫЕ ОБЩЕЙ ОБРАБОТКИ
Данные общей обработки 20130715d2013 u y0rusy50 ca
101 1# - ЯЗЫК РЕСУРСА
Язык текста, звукозаписи и т.д. русский
Язык оригинала английский
102 ## - СТРАНА ПУБЛИКАЦИИ ИЛИ ПРОИЗВОДСТВА
Страна публикации Российская Федерация
105 ## - ПОЛЕ КОДИРОВАННЫХ ДАННЫХ: ТЕКСТОВЫЕ МАТЕРИАЛЫ, МОНОГРАФИЧЕСКИЕ
Кодированные данные о монографическом текстовом документе y zzzz|||||
200 1# - ЗАГЛАВИЕ И СВЕДЕНИЯ ОБ ОТВЕТСТВЕННОСТИ
Основное заглавие Станет ли XXI век веком Китая?
Сведения, относящиеся к заглавию манковские дискуссии о роли Китая
-- Генри Киссинджер и Фарид Закария против Найла Фергюсона и Дэвида Даокуя Ли
Первые сведения об ответственности [пер. с англ. В. Н. Верченко]
210 ## - ПУБЛИКАЦИЯ, РАСПРОСТРАНЕНИЕ И ДР.
Место издания, распространения и т.д. Москва
Имя издателя, распространителя и т. д. АСТ
Дата издания, распространения и т.д. 2013
215 ## - ФИЗИЧЕСКАЯ ХАРАКТЕРИСТИКА
Специфическое обозначение материала и объем 190, [1] с.
Размеры 17
607 ## - ГЕОГРАФИЧЕСКОЕ НАИМЕНОВАНИЕ КАК ПРЕДМЕТ
Географическое наименование Китайская Народная Республика
Тематический подзаголовок Народное хозяйство
-- Прогнозирование
Системный номер авторитетной/нормативной записи 2255983
Идентификатор авторитетной/нормативной записи RU\NLR\AUTH\661352940
686 1# - ИНДЕКСЫ ДРУГИХ КЛАССИФИКАЦИЙ
Индекс У23(5Кит)038
702 #1 - ИМЯ ЛИЦА - ВТОРИЧНАЯ ОТВЕТСТВЕННОСТЬ
Код отношения Прочие
Графика поля Кириллица
Материалы, к которым относится поле rus
Начальный элемент ввода Киссинджер
Часть имени, кроме начального элемента ввода Г. А.
Даты 1923-2023
Расширение инициалов личного имени Генри Альфред
Системный номер авторитетной/нормативной записи 182380
Идентификатор авторитетной/нормативной записи RU\NLR\AUTH\770182431
702 #1 - ИМЯ ЛИЦА - ВТОРИЧНАЯ ОТВЕТСТВЕННОСТЬ
Начальный элемент ввода Закария
Часть имени, кроме начального элемента ввода Ф.
Расширение инициалов личного имени Фарид
Код отношения Прочие
702 #1 - ИМЯ ЛИЦА - ВТОРИЧНАЯ ОТВЕТСТВЕННОСТЬ
Код отношения Прочие
Графика поля Кириллица
Материалы, к которым относится поле rus
Начальный элемент ввода Фергюсон
Часть имени, кроме начального элемента ввода Н.
Даты 1964-
Расширение инициалов личного имени Найл
Системный номер авторитетной/нормативной записи 127221
Идентификатор авторитетной/нормативной записи RU\NLR\AUTH\770127245
702 #1 - ИМЯ ЛИЦА - ВТОРИЧНАЯ ОТВЕТСТВЕННОСТЬ
Код отношения Прочие
Начальный элемент ввода Ли
Часть имени, кроме начального элемента ввода Д. Д.
Даты 1963-
Расширение инициалов личного имени Дэвид Даокуй
Системный номер авторитетной/нормативной записи 133253
Идентификатор авторитетной/нормативной записи RU\NLR\AUTH\770133287
711 12 - НАИМЕНОВАНИЕ ОРГАНИЗАЦИИ - АЛЬТЕРНАТИВНАЯ ОТВЕТСТВЕННОСТЬ
Начальный элемент ввода Манковские дискуссии
Порядковый номер временной организации и / или порядковый номер ее части 7
Место проведения временной организации Торонто
Дата проведения временной организации 2011
Системный номер авторитетной/нормативной записи 380023
Идентификатор авторитетной/нормативной записи RU\NLR\AUTH\8810247149
801 #0 - ИСТОЧНИК ЗАПИСИ
Страна Российская Федерация
Организация RuMoRKP
Дата составления 20130715
Правила каталогизации RCR
801 #1 - ИСТОЧНИК ЗАПИСИ
Страна Российская Федерация
Организация RuMoRKP
Дата составления 20130715
Источник данных rusmarc
801 #2 - ИСТОЧНИК ЗАПИСИ
Страна Российская Федерация
Организация РГБ
Дата составления 20130912
Правила каталогизации rcr
801 #2 - ИСТОЧНИК ЗАПИСИ
Страна Российская Федерация
Организация NLR
Дата составления 20130919
Правила каталогизации rcr
942 ## - ДОПОЛНИТЕЛЬНЫЕ ЭЛЕМЕНТЫ ЗАПИСИ (АБИС)
Тип экземпляра АБИС Книга
980 ## - КОЛЛЕКЦИЯ
Название коллекции НБР
980 ## - КОЛЛЕКЦИЯ
Название коллекции Национальная библиография

Нет доступных экземпляров.